Криостат

מידע ביבליוגרפי
מחבר ראשי: Самойленко Г. М. Геннадий Михайлович
מחבר תאגידי: Томский политехнический институт (ТПИ) Научно-исследовательский институт ядерной физики, электроники и автоматики (НИИ ЯФЭА)
סיכום:опубл. 11.07.73
Изобретение относится к технике низких температур и может найти применение при проведении измерений физических величин
שפה:רוסית
יצא לאור:
נושאים:
גישה מקוונת:http://www1.fips.ru/fips_servl/fips_servlet?DB=RUPAT&rn=6013&DocNumber=390511&TypeFile=html
פורמט: אלקטרוני ספר
KOHA link:https://koha.lib.tpu.ru/cgi-bin/koha/opac-detail.pl?biblionumber=636709

MARC

LEADER 00000nlm0a2200000 4500
001 636709
005 20231101133926.0
029 1 0 |a RU  |b 390511  |c А. с.  |d МПК G 05 D 23/185 
035 |a (RuTPU)RU\TPU\network\763 
035 |a RU\TPU\network\762 
039 0 |a RU  |b 1671516  |c 19710416 
090 |a 636709 
100 |a 20140311j19730701k y0rusy50 ca 
101 0 |a rus 
102 |a RU 
105 |a a k 000zy 
135 |a drcn ---uucaa 
181 0 |a i  
182 0 |a b 
200 1 |a Криостат  |f Г. М. Самойленко  |g Томский политехнический институт (ТПИ), Научно-исследовательский институт ядерной физики, электроники и автоматики (НИИ ЯФЭА) 
203 |a Текст  |c электронный 
300 |a опубл. 11.07.73 
330 |a Изобретение относится к технике низких температур и может найти применение при проведении измерений физических величин 
610 1 |a патенты 
610 1 |a труды учёных ТПУ 
610 1 |a электронный ресурс 
610 1 |a криостаты 
610 1 |a измерения 
610 1 |a физические величины 
700 1 |a Самойленко  |b Г. М.  |c физик  |c старший научный сотрудник Томского политехнического университета, кандидат технических наук  |f 1945-  |g Геннадий Михайлович  |2 stltpush  |3 (RuTPU)RU\TPU\pers\31785 
712 0 2 |a Томский политехнический институт (ТПИ)  |b Научно-исследовательский институт ядерной физики, электроники и автоматики (НИИ ЯФЭА)  |c (1958-1975)  |2 stltpush  |3 (RuTPU)RU\TPU\col\12423 
801 1 |a RU  |b 63413507  |c 20120201 
801 2 |a RU  |b 63413507  |c 20160609  |g RCR 
856 4 |u http://www1.fips.ru/fips_servl/fips_servlet?DB=RUPAT&rn=6013&DocNumber=390511&TypeFile=html 
942 |c CF